000 00731nam a2200217 a 4500
001 2968
005 20140414131852.0
008 051130s19uu xx 00 eng d
020 _a0-439-04578-9
050 _aM 629.13
_bC16 1999
100 _aCanizares, Susan
245 _aUp, up, and away :
_cby Susan Canizares ; illustrated by Pamela Chanko.
_bthe story of Amelia Earhart /
260 _aNew York :
_bScholastic,
_c2003.
300 _a1 v. p. : ill. ; cm.
440 _aSocial studies emergent readers
520 _aTake off on a journey with Amelia Earhart, one of America's most famous pilots.
650 _aAmelia Earhart
_xBiography.
650 _aPilot
_xJuvenile literature.
999 _c110230
_d110230